000
00260nam a2200097Ia 4500
001
909950
005
20250826185651.0
008
250824s9999 xx 000 0 und d
245
0
_a
BİZE GÖRE FRANKFURT SEYAHATNAMESİ
_c
AHMET HAŞİM
260
_b
ANONİM YAYINLARI
999
_c
909950
_d
909950